Romans, the gospel of God's grace: (Record no. 5727)

000 -LEADER
fixed length control field 00741nam a2200193 a 4500
001 - CONTROL NUMBER
control field :::00003469$&:&@@
003 - CONTROL NUMBER IDENTIFIER
control field OkBaRHE
005 - DATE AND TIME OF LATEST TRANSACTION
control field 20000607103306.0
008 - FIXED-LENGTH DATA ELEMENTS--GENERAL INFORMATION
fixed length control field s1973 j 000 0 eng u
040 ## - CATALOGING SOURCE
Transcribing agency
100 1# - MAIN ENTRY--PERSONAL NAME
Personal name McClain, Alva J.
245 10 - TITLE STATEMENT
Title Romans, the gospel of God's grace:
Remainder of title the lectures of Alva J. McClain.
Statement of responsibility, etc Compiled and edited by Herman A. Hoyt.
260 ## - PUBLICATION, DISTRIBUTION, ETC. (IMPRINT)
Place of publication, distribution, etc Chicago, IL., :
Name of publisher, distributor, etc Moody Press
Date of publication, distribution, etc c1973
300 ## - PHYSICAL DESCRIPTION
Extent 253 p. ;
Dimensions 22 cm.
650 ## - SUBJECT ADDED ENTRY--TOPICAL TERM
Topical term or geographic name as entry element Bible New Testament Romans
General subdivision Commentaries
942 ## - ADDED ENTRY ELEMENTS (KOHA)
Source of classification or shelving scheme
Koha item type Books
Copies
Source of classification or shelving scheme Date last seen Damaged status Full call number Not for loan Barcode Withdrawn status Date acquired Lost status Copy number Shelving location Price effective from Koha item type Permanent Location
 2018-03-28 BS 2665.3 .M24 3469 2010-04-14 1General Stacks2010-04-14BooksRHEMA Bible Training College
 2018-03-28 BS 2665.3 .M24 20758 2010-04-14 2General Stacks2010-04-14BooksRHEMA Bible Training College